Szczegóły MARC21

The beat book : writings from the Beat Generation /

005 -DATA I CZAS OSTATNIEJ MODYFIKACJI [,]
    • @
    • pole kontrolne
    • 20090429120924.0
020 -Międzynarod. znormalizowany nr książki - ISBN [ , ]
    • a
    • Numer ISBN
    • 9781590304556 Find
020 -Międzynarod. znormalizowany nr książki - ISBN [ , ]
    • a
    • Numer ISBN
    • 9781570620003 (hardcover) Find
020 -Międzynarod. znormalizowany nr książki - ISBN [ , ]
    • a
    • Numer ISBN
    • 9781570624278 (pbk.) Find
040 -Instytucja sporządzająca opis [ , ]
    • a
    • Instytucja, która sporządziła opis (NP)
    • SZCZ U/DL
    • c
    • Instytucja, która sporządziła rekord (NP)
    • SZCZ U/DL
    • d
    • Instytucja, która zmodyfikowała rekord (P)
    • SZCZ U/JŚ
041 -Język dokumentu [0, ]
    • a
    • Język tekstu (P)
    • angielski
044 -Kraj miejsca wydania [ , ]
    • a
    • Kraj miejsca wydania
    • USA
942 -Rodzaj dokumentu [ , ]
    • c
    • Rodzaj dokumentu
    • Książka
245 -Strefa tytułu i oznaczenia odpowiedzialności [0,4]
    • a
    • Tytuł
    • The beat book : Find
    • b
    • Ciąg dalszy tytułu (NP)
    • writings from the Beat Generation / Find
    • c
    • Pozostałe elementy strefy tytułu i oznaczenia odpowiedzialności (NP)
    • ed. by Anne Waldman ; foreword by Allen Ginsberg.
260 -Strefa adresu wydawniczego [ , ]
    • a
    • Miejsce wydania (P)
    • Boston :
    • b
    • Nazwa wydawcy (P)
    • Shambhala,
    • c
    • Data wydania (P)
    • 2007.
300 -Strefa opisu fizycznego [ , ]
    • a
    • Określenie formy książki i/lub objętość (NP)
    • XXIV, 376 s. ;
    • c
    • Format (NP)
    • 21 cm.
504 -Uwaga dot. bibliogr. załącznikowej [ , ]
    • a
    • Uwaga dot. bibliografii załącznikowej
    • Bibliogr.
080 -Uniwersalna Klasyfikacja Dziesiętna [ , ]
    • 2
    • Identyfikator wydania tablic
    • UDC-P058
    • a
    • Symbol klasyfikacji
    • 821.111(73)-82
    • b
    • Dopowiedzenie
    • Literatura amerykańska. - Antologie. Wypisy. Chrestomatie. Silva rerum.
    • x
    • Poddział wspólny
    • "195"
    • b
    • Dopowiedzenie
    • Lata pięćdziesiąte XX wieku.
    • x
    • Poddział wspólny
    • =111
    • b
    • Dopowiedzenie
    • =Język angielski.
980 -Symbol UKD [ , ]
    • a
    • UKD
    • 821.111(73)-82"195"=111
700 -Hasło dodatkowe - nazwa osobowa [1, ]
    • a
    • Nazwa osobowa (NP)
    • Waldman, Anne Find
    • d
    • Daty biograficzne (NP)
    • (1945-).
    • e
    • Określenie rodzaju współpracy
    • Red.
700 -Hasło dodatkowe - nazwa osobowa [1, ]
    • a
    • Nazwa osobowa (NP)
    • Ginsberg, Allen Find
    • d
    • Daty biograficzne (NP)
    • (1926-1997).
    • e
    • Określenie rodzaju współpracy
    • Przedm.
    • 9
    • KHW
    • 236040
920 -ISBN [ , ]
    • a
    • ISBN
    • 978-1-59030-455-6 (pbk.; alk. paper) Find
920 -ISBN [ , ]
    • a
    • ISBN
    • 978-1-57062-000-3 (hardcover) Find
920 -ISBN [ , ]
    • a
    • ISBN
    • 978-1-57062-427-8 (pbk.) Find
Numer inwentarzowy Lokalizacja Data inwentaryzacji Sygnatura Status udost.
A.8351BM2009-03-05ANG. Antologie - lit. amer. 191